书目信息 |
| 题名: |
天雨花
|
|
| 作者: | 陶贞怀 著 ;赵景深 主编 | |
| 分册: | 上册 | |
| 出版信息: | 不祥 中州古籍出版社 1984.3 |
|
| 页数: | 396页 | |
| 开本: | 20cm | |
| 丛书名: | ||
| 单 册: | ||
| 中图分类: | I239.1 | |
| 科图分类: | ||
| 主题词: | 戏剧文学--剧本--中国 | |
| 电子资源: | ||
| ISBN: | ||
| 000 | 00606nam0 2200217 45 | |
| 001 | 0312221749 | |
| 005 | 20040415103042.7 | |
| 010 | @dCNY1.85 | |
| 091 | @a10219.50 | |
| 100 | @a20031222d1984 km y0chiy0120 ea | |
| 101 | @achi | |
| 105 | @a z 000yy | |
| 200 | 1 | @a天雨花@ATian Yu Hua@h上册@f(清)陶贞怀著@F(Qing)Tao Zhen Huai Zhu@g赵景深主编 |
| 210 | @a不祥@c中州古籍出版社@d1984.3 | |
| 215 | @a396页@d20cm | |
| 606 | 0 | @a戏剧文学@x剧本@x中国 |
| 690 | @aI239.1@v3 | |
| 701 | 0 | @a陶贞怀@4著 |
| 702 | 0 | @a赵景深@4主编 |
| 801 | @aCN@bTSTCL@c20031222 | |
| 905 | @dI239.1@e43:1@f1@b115523@b115525-526@f2 | |
| 天雨花.上册/(清)陶贞怀著/赵景深主编.-不祥:中州古籍出版社,1984.3 |
| 396页;20cm |
| ISBN :CNY1.85 |
| ● |
| 相关链接 |
|
|
|
|
正题名:天雨花
索取号:I239.1/43:1
 
预约/预借
| 序号 | 登录号 | 条形码 | 馆藏地/架位号 | 状态 | 备注 |
| 1 | 0115523 | 000962079 | 第二借阅区/ [索取号:I239.1/43:1] | 在馆 | |
| 2 | 0115524 | 001629125 | 密集书库/ [索取号:I239.1/43:1] | 在馆 | |
| 3 | 0115525 | 000962104 | 第二借阅区/ [索取号:I239.1/43:1] | 在馆 | |
| 4 | 0115526 | 000962088 | 第二借阅区/ [索取号:I239.1/43:1] | 在馆 | |
| 5 | 0115527 | 000962122 | 第一样本阅览室/ [索取号:I239.1/43:1] | 在馆 |